=LDR 00000nam 2200000 4500 =001 INLIS000000000037819 =005 20130612143530 =008 ***********************************Ind** =035 ##$$0010-061300000037819 =041 ##$$a Ind =082 ##$$a 635.9 =090 ##$$a 635.9, Sya m =100 ##$$a Syafrezani, Sampaquita =245 ##$$a Manfaat tumbuhan bunga penghias pekarangan, Samparquita Syafrezani =260 ##$$a 2007 $b Bandung =300 ##$$a iv, 84 hlm, ilus, 23 cm =650 ##$$a Bunga =850 ##$$a NBPNMAT